Толкование на анекдот про девятых людей (АТ 1287) (Запись № 1781304)

Подробности
000 -МАРКЕР
контрольное поле 01270nam0a2200337 4500
001 - ИДЕНТИФИКАТОР ЗАПИСИ
контрольное поле RU\NLR\bibl\1503358
005 - ИДЕНТИФИКАТОР ВЕРСИИ
контрольное поле 20250616020826.0
010 ## - МЕЖДУНАРОДНЫЙ СТАНДАРТНЫЙ НОМЕР КНИГИ (ISBN)
Номер (ISBN) 978-5-9551-0393-8
Тираж 500
021 ## - НОМЕР ГОСУДАРСТВЕННОЙ РЕГИСТРАЦИИ
Код страны Российская Федерация
Номер 2010-15111
Номер Листа государственной регистраци 1007
035 ## - ДРУГИЕ СИСТЕМНЫЕ НОМЕРА
Идентификатор записи (NLR Aleph) 001494797
100 ## - ДАННЫЕ ОБЩЕЙ ОБРАБОТКИ
Данные общей обработки 20100410d2010 |||y0rusy50 ca
101 0# - ЯЗЫК РЕСУРСА
Язык текста, звукозаписи и т.д. русский
102 ## - СТРАНА ПУБЛИКАЦИИ ИЛИ ПРОИЗВОДСТВА
Страна публикации Российская Федерация
105 ## - ПОЛЕ КОДИРОВАННЫХ ДАННЫХ: ТЕКСТОВЫЕ МАТЕРИАЛЫ, МОНОГРАФИЧЕСКИЕ
Кодированные данные о монографическом текстовом документе y |||||||||
200 1# - ЗАГЛАВИЕ И СВЕДЕНИЯ ОБ ОТВЕТСТВЕННОСТИ
Основное заглавие Толкование на анекдот про девятых людей (АТ 1287)
Первые сведения об ответственности Вардан Айрапетян
210 ## - ПУБЛИКАЦИЯ, РАСПРОСТРАНЕНИЕ И ДР.
Место издания, распространения и т.д. Москва
Имя издателя, распространителя и т. д. Языки славянской культуры
-- издатель А. Кошелев
Дата издания, распространения и т.д. 2010
215 ## - ФИЗИЧЕСКАЯ ХАРАКТЕРИСТИКА
Специфическое обозначение материала и объем 73 с.
Размеры 20
225 1# - СЕРИЯ
Основное заглавие серии Studia philologica
Наименование части Малая серия
300 ## - ОБЩИЕ ПРИМЕЧАНИЯ
Текст примечания На обл. и в макете загл. подсер.: Series minor
320 ## - ПРИМЕЧАНИЯ О НАЛИЧИИ В ДОКУМЕНТЕ БИБЛИОГРАФИИ / УКАЗАТЕЛЯ
Текст примечания Библиогр. в сокр.: с. 65-73
606 1# - НАИМЕНОВАНИЕ ТЕМЫ КАК ПРЕДМЕТ
Наименование темы Анекдот
Системный номер авторитетной/нормативной записи 972962
Идентификатор авторитетной/нормативной записи RU\NLR\auth\6646369
606 1# - НАИМЕНОВАНИЕ ТЕМЫ КАК ПРЕДМЕТ
Наименование темы Анекдоты русские
Тематический подзаголовок Язык и стиль
Системный номер авторитетной/нормативной записи 2596884
Идентификатор авторитетной/нормативной записи RU\NLR\auth\661534341
686 ## - ИНДЕКСЫ ДРУГИХ КЛАССИФИКАЦИЙ
Индекс Ш201.37
686 ## - ИНДЕКСЫ ДРУГИХ КЛАССИФИКАЦИЙ
Индекс Ш3(2=1Р)-357
700 #1 - ИМЯ ЛИЦА - ПЕРВИЧНАЯ ОТВЕТСТВЕННОСТЬ
Начальный элемент ввода Айрапетян
Часть имени, кроме начального элемента ввода В.
Даты 1948-
Расширение инициалов личного имени Вардан
Код отношения Автор
801 #0 - ИСТОЧНИК ЗАПИСИ
Страна Российская Федерация
Организация NLR
Дата составления 20100410
Правила каталогизации RCR
801 #1 - ИСТОЧНИК ЗАПИСИ
Страна Российская Федерация
Организация NLR
Дата составления 20100410
942 ## - ДОПОЛНИТЕЛЬНЫЕ ЭЛЕМЕНТЫ ЗАПИСИ (АБИС)
Тип экземпляра АБИС Книга
980 ## - КОЛЛЕКЦИЯ
Название коллекции Национальная библиография
Экземпляры
Тип экземпляра Дата поступления Источник поступления Библиотека постоянного хранения Библиотека текущего хранения Место хранения Шифр хранения Штрих-код Статус экземпляра Стоимость
Книга 22.04.2010 Обязательный экземпляр РНБ (Московский) РНБ (Московский) Русский книжный фонд: издания с 1957 года 2010-4/5807 3157811    
Книга 22.04.2010 Обязательный экземпляр РНБ (Московский) РНБ (Московский) Русский книжный фонд: издания с 1957 года 2010-4/5807 3157812    
Книга 30.06.2015 Дар РНБ (Садовая) РНБ (Садовая) Фонд международного книгообмена   1-996247 Доставлен в Фoнд 100.00
Книга 09.10.2015 Покупка РНБ (Садовая) РНБ (Садовая) Фонд международного книгообмена   1-988491   97.00
Книга 02.12.2016 Покупка РНБ (Садовая) РНБ (Садовая) Фонд международного книгообмена   1-1279172 Доставлен в Фoнд 97.00